Olympischer Medaillenspiegel - Basketball - Statistiken

Allgemein
  • Dieses Quiz wurde 86 mal gespielt
  • Das Durchschnittsergebnis liegt bei 10 aus 15
Antwortstatistiken
Gesamt Gold Silber Bronze Land % Korrekt
32 27 2 3 Vereinigte Staaten
100%
5 0 4 1 Spanien
89%
7 0 6 1 Frankreich
88%
7 0 3 4 Australien
80%
5 0 1 4 Brasilien
79%
3 0 0 3 Russland
79%
12 4 4 4 Sowjetunion
78%
2 1 0 1 Argentinien
76%
3 0 1 2 Serbien
74%
7 1 4 2 Jugoslawien
73%
2 0 1 1 China
72%
2 0 2 0 Italien
65%
3 0 0 3 Litauen
46%
2 0 1 1 Bulgarien
22%
2 0 0 2 Uruguay
18%
Keine übereinstimmenden Quizze gefunden
Verteilung der Resultate
Anzahl Personen mit jedem Resultat
Perzentil nach korrekt beantworteten Fragen
Ihre Resultats-Entwicklung
Sie haben dieses Quiz noch nicht gespielt